1636 1352 1705 1021 1479 1340 1260 1858 1747 1880 1674 1915 1390 1428 1131 1222 1290 1619 1469 1236 1769 1312 1288 1496 1520 1277 1472 1379 1024 1130 1595 1923 1927 1880 1182 1343 1692 1981 1827 1015 1853 1541 1484 1186 1729 1665 1669 1207 1129 1991 1202 1263 1989 1874 1720 1161 1181 1897 1624 1174 1400 1676 1426 1664 1970 1868 1987 1065 1374 1791 1827 1667 1656 1673 1647 1632 1686 1115 1190 1669 1432 1331 1667 1395 1335 1134 1138 1169 1364 1073 1690 1057 1011 1489 1952 1361 1693 1803 1088 BCNSPRNW ULIB Ver.6.0+V

เปลี่ยนเป็นภาษาไทย

Change to English
 แสดงรายละเอียดบรรณานุกรม
  กลับหน้าหลัก

Brief Record : Get Marc (ISO 2709) : E-mail record : QR code < ปิดหน้าต่าง
LEADER : 00000nam 2200000uu 4500
001    13399121819
003     ULIB
008    121207s2555||||th 000 0 tha d
020    ^a9789744226518
060  4 ^aWY157.6^bก493
245 00 ^aการพยาบาลออร์โธปิดิกส์ /^cโดย ธวัช ประสาทฤทธา,พรทิพย์ ลยานันท์,สุขใจ ศรีเพียรเอม,บรรณาธิการ
250    ^aพิมพ์ครั้งที่ 1
260    ^aกรุงเทพฯ :^bสหมิตรพริ้นติ้งแอนด์พับลิชชิ่ง,^c2555
300    ^a0331 หน้า :^bภาพประกอบ ;^c26 ซม.
650  7 ^aกระดูก^xศัลยกรรม
650  7 ^aการพยาบาลศัลยศาสตร์
650  7 ^aกระดูก^xโรค^xการพยาบาล
650  7 ^aศัลยกรรมออร์โธปิดิกส์
650  7 ^aผู้ป่วย, การดูแล
710 2  ^aกระทรวงสาธารณสุข. ^bกรมการแพทย์
945    ^p0^l0^i033182
945    ^p0^l0^i033521
945    ^p0^l0^i033522
945    ^p0^l0^i033523
945    ^p0^l0^i033524
945    ^p0^l0^i033525
995    ^a เกษร
999    ^aใช้งานได้ทุกระบบ
รายการนี้ยังไม่มีแท็ก
คุณยังไม่ได้ล็อกอิน คุณสามารถมีกิจกรรมร่วมกับเว็บไซต์ได้ แต่ต้องล็อกอินก่อน ::
  ล็อกอิน

รายการสื่อสารสนเทศ

ลำดับที่ ประเภท เลขเรียก/บาร์โค้ด สถานที่ สถานะ
1. วิทยาศาสตร์การแพทย์ และสุขภาพ
หนังสือสำรอง
สถานะ=หนังสือสำรอง
WY157.6 ก493 ฉ.1 
  Barcode: 033182
ห้องสมุดวิทยาเขตสวรรค์ประชารักษ์
►หนังสือทั่วไป
บนชั้น
2. Book การพยาบาล
Book การพยาบาล
WY157.6 ก493 ฉ.2 
  Barcode: 033521
ห้องสมุดวิทยาเขตสวรรค์ประชารักษ์
►ส่วนจัดเก็บหนังสือเก่า สปร
บนชั้น
  ขอยืม
3. Book การพยาบาล
Book การพยาบาล
WY157.6 ก493 ฉ.3 
  Barcode: 033522
ห้องสมุดวิทยาเขตสวรรค์ประชารักษ์
►ส่วนจัดเก็บหนังสือเก่า สปร
บนชั้น
  ขอยืม
4. Book การพยาบาล
Book การพยาบาล
WY157.6 ก493 ฉ.4 
  Barcode: 033523
ห้องสมุดวิทยาเขตสวรรค์ประชารักษ์
►ส่วนจัดเก็บหนังสือเก่า สปร
บนชั้น
  ขอยืม
5. Book การพยาบาล
Book การพยาบาล
WY157.6 ก493 ฉ.5 
  Barcode: 033524
ห้องสมุดวิทยาเขตสวรรค์ประชารักษ์
►ส่วนจัดเก็บหนังสือเก่า สปร
บนชั้น
  ขอยืม
6. Book การพยาบาล
Book การพยาบาล
WY157.6 ก493 ฉ.6 
  Barcode: 033525
ห้องสมุดวิทยาเขตสวรรค์ประชารักษ์
►หนังสือทั่วไป
บนชั้น

รายการใกล้เคียง
    หัวเรื่อง [การพยาบาลศัลยศาสตร์]
    หัวเรื่อง [ผู้ป่วย, การดูแล]

BibComment


ยังไม่เคยถูกคอมเมนท์

คอมเมนท์ทรัพยากรรายการนี้
  คอมเมนท์: การพยาบาลออร์โธป..


 Copyright 2026. Bcnsprnw @Library